| 000 | 01385cam a2200361 i 4500 | ||
|---|---|---|---|
| 001 | 30625 | ||
| 003 | Mx-PuUPA | ||
| 005 | 20250924121343.0 | ||
| 008 | 140415s1994 sp gr 000 0 spa d | ||
| 017 | _aB - 9.737-1997 | ||
| 020 | _a8425401259 | ||
| 040 |
_aMx-PuUPA _bspa _cMx-PuUPA _dMx-PuUPA _erda |
||
| 041 | 1 |
_aspa _hfre |
|
| 100 | 1 |
_aVerneaux, Roger, _d1906-1997, _eautor _96335 |
|
| 240 | 1 | 0 |
_aEpistémologie générale ou critique de la connissance. _lEspañol |
| 245 | 1 | 0 |
_aEpistemología general o crítica del conocimiento / _cRoger Verneaux ; versión castellana de Luisa Medrano |
| 250 | _aNovena edición | ||
| 264 | 1 |
_aBarcelona : _bEnpresa Editorial Herder, _c1994 |
|
| 300 |
_a248 páginas ; _c22 cm |
||
| 336 |
_atexto _2rdacontent _btxt |
||
| 337 |
_asin medio _2rdamedia _bn |
||
| 338 |
_avolumen _2rdacarrier _bnc |
||
| 500 | _a"Curso de filosofía Tomista".-- Cubierta | ||
| 650 | 7 |
_2armarc _aEpistemología |
|
| 650 | 7 |
_2armarc _aTeoría del conocimiento |
|
| 650 | 7 |
_2armarc _aFilosofía |
|
| 700 | 1 |
_aMedrano, Luisa, _etraductor |
|
| 765 | 0 |
_aVerneaux, Roger, 1906-1997 _tEpistémologie générale ou critique de la connissance. _bParís : Beauchesne et ses fils, 1959 |
|
| 942 |
_2ddc _cLI _h121 _iV4718 |
||
| 999 |
_c30625 _d30625 |
||